Normal view
MARC view
- Wilson, Earl
Entry Personal Name
001 - CONTROL NUMBER
- control field: 35713
003 - CONTROL NUMBER IDENTIFIER
- control field: NUST
005 - DATE AND TIME OF LATEST TRANSACTION
- control field: 20210218121748.0
008 - FIXED-LENGTH DATA ELEMENTS
- fixed length control field: 210218|| aca||aabn | a|a d
040 ## - CATALOGING SOURCE
- Original cataloging agency: NUST
- Transcribing agency: NUST
100 ## - HEADING--PERSONAL NAME
- Personal name: Wilson, Earl
670 ## - SOURCE DATA FOUND
- Source citation: Work cat.: (NUST)344953: Wilson, Earl R. 35710, Accounting for governmental and nonprofit entities /, 1999.
